00175nam a2200073Ia 4500008004100000100001500041245002700056260001800083170817s9999 xx 000 0 und d aBansal.S.K 0aDictionary Of It Terms bA. P. H. PUB.